000 01521nam a2200361 a 4500
001 000003188
003 DO-SdBNP
005 20241015091655.0
007 ta
008 090707s2009 dr a 001 0 spa d
020 _a9789993495376
040 _aDO-SdBNP
_bspa
_cBNPHU
082 _a346.0682
_bG993m
_222
100 1 _aGuzmán A., Fabio J.
_q(Fabio José Guzmán Ariza),
_d1949-
_930896
245 1 0 _aModelos para la práctica societaria :
_bformulario de la ley general de sociedades comerciales y empresas individuales de responsabilidad limitada nº 479-08 /
_cFabio J. Guzmán Ariza, José Luis Taveras.
260 _aSanto Domingo :
_bJudicial,
_c2009.
300 _a418 p. :
_bil. ;
_c23 cm.
490 1 _aFormularios
500 _aIncluye bibliografía y notas al pie de páginas.
504 _aBibliografía : p. 417-418.
590 _aInventariado, 2018/LP
650 4 _aCompañías
_xLegislación
_zRepública Dominicana
_910073
650 4 _aSociedades comerciales
_xLegislación
_zRepública Dominicana
_910074
650 4 _aEmpresas privadas
_xLegislación
_zRepública Dominicana
_910075
650 4 _aSociedades comerciales
_xFormalidades legales
_zRepública Dominicana
_910076
650 4 _aDerecho comercial
_xLegislación
_zRepública Dominicana
_910077
650 4 _aFormularios legales
_910078
651 4 _aRepública Dominicana
_xLey 479-08
_910079
700 1 _aTaveras, José Luis
_910080
830 0 _aFormularios
_910081
910 _aValidado. Control de calidad EMS.
942 _2ddc
_cLBS1
999 _c3019
_d3019